| Tag |
First Indicator |
Second Indicator |
Subfields |
| LEADER |
00000cam a2200000 4500 |
| 001 |
in00003824549 |
| 005 |
20190415190403.0 |
| 006 |
m o d |
| 007 |
cr |n||||||||n |
| 008 |
901211s1782 enk|||| o 00||||eng c |
| 035 |
|
|
|a (CU-RivES)T202591
|
| 035 |
|
|
|a (Uk-ES)006297122
|
| 035 |
|
|
|a (OCoLC)509732204
|
| 040 |
|
|
|a Uk-ES
|c Uk-ES
|d CU-RivES
|d CStRLIN
|d Cengage Gale
|d UtOrBLW
|
| 050 |
|
4 |
|a AC4
|b .J646 1782
|
| 100 |
1 |
|
|a Johnson, Samuel,
|d 1738 or 1739-1798.
|0 http://id.loc.gov/authorities/names/nr91018588
|
| 245 |
1 |
2 |
|a A poetical epistle from an unfortunate young lady at Portsmouth to her lover.
|
| 264 |
|
1 |
|a [London?] :
|b [publisher not identified],
|c MDCCLXXXII. [1782]
|
| 300 |
|
|
|a 1 online resource (2 unnumbered pages, 10 pages)
|
| 336 |
|
|
|a text
|b txt
|2 rdacontent
|
| 337 |
|
|
|a computer
|b c
|2 rdamedia
|
| 338 |
|
|
|a online resource
|b cr
|2 rdacarrier
|
| 500 |
|
|
|a Attributed to a Revised Mr. Johnson.
|
| 500 |
|
|
|a "The case of C-l W- of Shrewsbury and Miss F-r" (NUC).
|
| 510 |
4 |
|
|a English Short Title Catalog,
|c T202591.
|
| 500 |
|
|
|a Reproduction of original from Cambridge University Library.
|
| 500 |
|
|
|a Electronic resource.
|
| 650 |
|
0 |
|a Epistolary poetry, English
|v Early works to 1800.
|
| 655 |
|
7 |
|a Electronic books.
|2 local
|
| 655 |
|
7 |
|a Poems.
|2 rbgenr
|
| 710 |
2 |
|
|a Gale (Firm)
|0 http://id.loc.gov/authorities/names/no2008071348
|
| 752 |
|
|
|a Great Britain
|b England
|d London.
|
| 856 |
4 |
0 |
|u http://proxy.library.tamu.edu/login?url=http://find.galegroup.com/ecco/infomark.do?contentSet=ECCOArticles&docType=ECCOArticles&bookId=1500900300&type=getFullCitation&tabID=T001&prodId=ECCO&docLevel=TEXT_GRAPHICS&version=1.0&source=library&userGroupName=txshracd2898
|z Connect to the full text of this electronic book
|t 0
|
| 999 |
f |
f |
|s 85e65b0e-b0b1-3213-aed5-7165fba24762
|i b890acfa-acbd-3ee2-9fb5-58e28baa4ab3
|t 0
|
| 952 |
f |
f |
|a Texas A&M University
|b College Station
|c Electronic Resources
|d Available Online
|t 0
|e AC4 .J646 1782
|h Library of Congress classification
|
| 998 |
f |
f |
|a AC4 .J646 1782
|t 0
|l Available Online
|